| 000 | 01241cam a2200337 a 4500 | ||
|---|---|---|---|
| 001 | 5957 | ||
| 003 | FISKH | ||
| 005 | 20250211152443.0 | ||
| 008 | 121023r20132012nyu c 000 1 eng c | ||
| 010 | _a 2012042654 | ||
| 020 | _a9780545482882 | ||
| 020 | _a9780545482882 | ||
| 040 |
_aNJQ/DLC _cNJQ _dDLC _beng |
||
| 050 | _aPZ7.M47841378 C | ||
| 082 | _a640 | ||
| 100 | 1 |
_aMcLean, Hope _d(1891-) |
|
| 245 | 1 | 0 |
_aCatch us if you can / _cby Hope McLean. |
| 250 | _aThis edition first published in 2013 | ||
| 260 |
_aNew York : _bScholastic, _c2012. |
||
| 300 |
_a140 page : _c20 cm. |
||
| 490 | 0 |
_aJewel thieves ; _v1 |
|
| 505 | _aP | ||
| 520 | _aJasmine, Erin, Willow, and Lili are first year middle school students in Washington, D.C., chosen for the academic quiz team because of their expertise in art, math, science, and history--and when a precious, historical ruby is stolen from the school during a tournament the "Jewels" set out to use their talents to solve the mystery. | ||
| 521 | 8 |
_a640
_bLexile |
|
| 521 | 8 |
_aP
_bRaz-Plus |
|
| 650 | 0 |
_aSchool contests _vJuvenile fiction. |
|
| 650 | 0 |
_aJewel thieves _vkids |
|
| 906 |
_a7 _bcbc _corignew _d1 _eecip _f20 _gy-gencatlg |
||
| 942 |
_2ddc _cBK _n0 |
||
| 999 |
_c5957 _d5957 |
||